000 00387nam a22001577a 4500
003 MPLRDC
005 20220104123515.0
008 210129b ||||| |||| 00| 0 eng d
082 _a225 CBD-2
100 _a陈柏达居士
245 _a净土风光
_c
260 _a
_b佛陀教育基金会
_c1992
300 _b
650 _a佛教佈教及信仰生活
942 _cBK
_o225 CBD-2
999 _c11978
_d11968